ARRUPE JESUIT UNIVERSITY

CORONAVIRUS -STOP THE SPREAD - CLEAN,DISINFECT,COVER

Street corner society (Record no. 125691)

MARC details
000 -LEADER
fixed length control field 00518nam a22001577a 4500
008 - FIXED-LENGTH DATA ELEMENTS--GENERAL INFORMATION
fixed length control field 161108b xxu||||| |||| 00| 0 eng d
050 ## - LIBRARY OF CONGRESS CALL NUMBER
Classification number HV446.W49 1958
100 ## - MAIN ENTRY--PERSONAL NAME
Personal name Whyte,Foote William
9 (RLIN) 27341
245 ## - TITLE STATEMENT
Title Street corner society
Remainder of title :the social structure of an Italian slum
Statement of responsibility, etc /William Foote Whyte
250 ## - EDITION STATEMENT
Edition statement 2nd ed.
260 ## - PUBLICATION, DISTRIBUTION, ETC. (IMPRINT)
Place of publication, distribution, etc Chicago
Name of publisher, distributor, etc University of Chicago Press
Date of publication, distribution, etc 1955
300 ## - PHYSICAL DESCRIPTION
Extent xx,364p.;
Dimensions 20cm.
650 ## - SUBJECT ADDED ENTRY--TOPICAL TERM
Topical term or geographic name as entry element Gangs
Geographic subdivision United States
9 (RLIN) 27342
650 ## - SUBJECT ADDED ENTRY--TOPICAL TERM
Topical term or geographic name as entry element Italian Americans
9 (RLIN) 27343
942 ## - ADDED ENTRY ELEMENTS (KOHA)
Source of classification or shelving scheme Library of Congress Classification
Item type Monograph ( Printed materials)
Holdings
Withdrawn status Lost status Source of classification or shelving scheme Damaged status Not for loan Collection code Home library Current library Shelving location Date acquired Total Checkouts Full call number Barcode Date last seen Price effective from Koha item type
    Library of Congress Classification     Main Collection ARRUPE LIBRARY ARRUPE LIBRARY Main Collection 08/11/2016   HV446.W49 1958 46500009972 30/04/2018 08/11/2016 Monograph ( Printed materials)

 

Arrupe Library. PO Box MP320 Mt Pleasant, Harare, Zimbabwe
263 242 745411|librarian@aju.ac.zw